| 000 | 00000cam 2200000zi 4500 |
| 001 | 9.958280 |
| 003 | CaOODSP |
| 005 | 20260206114812 |
| 006 | m o d f |
| 007 | cr mn||||||||| |
| 008 | 251215e20251203onc o f000 0 fre d |
| 020 | |a9780660977102 |
| 040 | |aCaOODSP|bfre|erda|cCaOODSP |
| 041 | 0 |afre|beng |
| 043 | |an-cn--- |
| 086 | 1 |aCi4-245/2026F-PDF |
| 086 | 1 |aCi4-245/2026-1F-PDF |
| 245 | 00|a2025-26 sondages de suivi en ligne d'IRCC : |brapport final / |cpréparé pour : Immigration, réfugiés et citoyenneté Canada. |
| 264 | 1|a[Ottawa] : |bImmigration, réfugiés et citoyenneté Canada = Immigration, Refugees and Citizenship Canada, |c03 décembre 2025. |
| 264 | 4|c©2025 |
| 300 | |a1 ressource en ligne (12 pages) + |eannexe (40 pages non numérotées) |
| 336 | |atexte|btxt|2rdacontent/fre |
| 337 | |ainformatique|bc|2rdamedia/fre |
| 338 | |aressource en ligne|bcr|2rdacarrier/fre |
| 500 | |aTitre de la couverture. |
| 500 | |aPublié aussi en anglais sous le titre : 2025-26 IRCC online tracking survey : final report. |
| 500 | |a« Fournisseur : Léger Marketing Inc. » |
| 500 | |a« Numéro du contrat : CW2410460. » |
| 500 | |a« Numéro d'enregistrement : POR 008-25. » |
| 546 | |aTexte principalement en français; comprend du texte en anglais. |
| 650 | 6|aImmigrants|zCanada|xOpinion publique. |
| 650 | 6|aRéfugiés|zCanada|xOpinion publique. |
| 650 | 6|aImmigrants|xPolitique gouvernementale|zCanada|xOpinion publique. |
| 650 | 6|aRéfugiés|xPolitique gouvernementale|zCanada|xOpinion publique. |
| 650 | 6|aOpinion publique|zCanada. |
| 651 | 6|aCanada|xÉmigration et immigration|xOpinion publique. |
| 651 | 6|aCanada|xÉmigration et immigration|xPolitique gouvernementale|xOpinion publique. |
| 710 | 1 |aCanada. |bImmigration, réfugiés et citoyenneté Canada, |eorganisme de publication. |
| 710 | 2 |aLéger Marketing, |econsultant. |
| 775 | 08|t2025-26 IRCC online tracking survey : |w(CaOODSP)9.958279 |
| 795 | |t2024-25 sondages de suivi en ligne d'IRCC : |w(CaOODSP)9.947202 |
| 856 | 40|qPDF|s525 Ko|uhttps://publications.gc.ca/collections/collection_2026/ircc/Ci4-245-2026-fra.pdf|z(rapport final) |
| 856 | 40|qPDF|s974 Ko|uhttps://publications.gc.ca/collections/collection_2026/ircc/Ci4-245-2026-1-fra.pdf|z(annexe 4) |
| 856 | 4 |qHTML|sS.O.|uhttps://epe.bac-lac.gc.ca/100/200/301/pwgsc-tpsgc/por-ef/immigration_refugees/2025/008-25-f/index.html|z(ensemble de données complet) |